| 000 | 01510nam a22003855i 4500 | ||
|---|---|---|---|
| 999 |
_c18415 _d18387 |
||
| 001 | 016319192 | ||
| 003 | EG-ScBUE | ||
| 005 | 20210121124456.0 | ||
| 008 | 130502t20142014enka f bd 001 0 eng d | ||
| 020 | _a9780273786979 (pbk.) | ||
| 020 | _a0273786970 (pbk.) | ||
| 040 |
_aStDuBDS _beng _erda _cStDuBDS _dUk _dEG-ScBUE _dEG-ScBUE |
||
| 082 | 0 | 4 |
_a658.049 _bWIL _222 |
| 100 | 1 |
_aWild, John J., _eauthor. _94506 |
|
| 245 | 1 | 0 |
_aInternational business : _bthe challenges of globalization / _cJohn J. Wild, University of Wisconsin, Madison, Kenneth L. Wild, University of London, |
| 250 | _aSeventh edition. | ||
| 250 | _aGlobal edition. | ||
| 264 | 1 |
_aHarlow, England : _bPearson Education Limited, _c[2014] |
|
| 264 | 4 | _cc2014 | |
| 300 |
_a473 pages : _billustrations (color) ; _c28 cm |
||
| 336 |
_atext _btxt _2rdacontent |
||
| 337 |
_aunmediated _bn _2rdamedia |
||
| 338 |
_avolume _bnc _2rdacarrier |
||
| 500 | _aGlossary : p. 443-450. | ||
| 500 | _aStudent access code inside : my management lab ; ISBN 0273787241-9780273787242. | ||
| 504 | _aIncludes bibliographical references and index. | ||
| 650 | 7 |
_aInternational business enterprises _xManagement. _94507 _2BUEsh |
|
| 650 | 7 |
_aInternational trade. _2BUEsh _94508 |
|
| 650 | 7 |
_aGlobalization. _2BUEsh _92820 |
|
| 651 | _2BUEsh | ||
| 653 |
_bBUSADM _cSeptember2014 _cDecember2016 |
||
| 700 | 1 |
_aWild, Kenneth L., _eauthor. _94509 |
|
| 856 | 4 | 2 |
_3Student access code _uhttps://mlm.pearson.com/global/mymanagementlab/ |
| 942 |
_2ddc _cBB |
||